al-Iʼtimām wa-al-ṣayrafah fī al-ʻIrāq al-qadīm (Record no. 49423)
[ view plain ]
| 000 -LEADER | |
|---|---|
| fixed length control field | 00714cam a22002291 4500 |
| 001 - CONTROL NUMBER | |
| control field | ne 67000399 |
| 003 - CONTROL NUMBER IDENTIFIER | |
| control field | DLC |
| 005 - DATE AND TIME OF LATEST TRANSACTION | |
| control field | 20260227111830.0 |
| 008 - FIXED-LENGTH DATA ELEMENTS--GENERAL INFORMATION | |
| fixed length control field | 900608m19631964iq b b 000 0 arar |
| 010 ## - LIBRARY OF CONGRESS CONTROL NUMBER | |
| LC control number | ne 67000399 |
| 035 ## - SYSTEM CONTROL NUMBER | |
| System control number | (OCoLC)21743926 |
| 040 ## - CATALOGING SOURCE | |
| Original cataloging agency | DLC |
| Transcribing agency | WaU |
| Modifying agency | WaU |
| -- | DLC |
| 042 ## - AUTHENTICATION CODE | |
| Authentication code | premarc |
| 043 ## - GEOGRAPHIC AREA CODE | |
| Geographic area code | a-iq--- |
| 050 00 - LIBRARY OF CONGRESS CALL NUMBER | |
| Classification number | HG1555 |
| Item number | .J3 |
| 100 1# - MAIN ENTRY--PERSONAL NAME | |
| Personal name | Jāsim, Muḥammad ʻAlī Riḍā. |
| 245 13 - TITLE STATEMENT | |
| Title | al-Iʼtimām wa-al-ṣayrafah fī al-ʻIrāq al-qadīm |
| Statement of responsibility, etc. | [taʼlīf] Muḥammad ʻAlī Riḍā al-Jāsim. |
| 260 ## - PUBLICATION, DISTRIBUTION, ETC. | |
| Place of publication, distribution, etc. | Baghdād, |
| Name of publisher, distributor, etc. | Mat̄ābi Dār al-Taḍāmun, |
| Date of publication, distribution, etc. | 1963-64. |
| 300 ## - PHYSICAL DESCRIPTION | |
| Extent | 125 p. |
| Other physical details | fold. map. |
| Dimensions | 22 cm. |
| 504 ## - BIBLIOGRAPHY, ETC. NOTE | |
| Bibliography, etc. note | Bibliography: p. 123-125. |
| 650 #0 - SUBJECT ADDED ENTRY--TOPICAL TERM | |
| Topical term or geographic name entry element | Banks and banking |
| Geographic subdivision | Iraq. |
No items available.